[Event "FSIMA April"]
[Site "Budapest HUN"]
[Date "2009.04.05"]
[Round "2"]
[White "Katzir,M"]
[Black "Bacso,G"]
[Result "1-0"]
[WhiteElo "2279"]
[BlackElo "2171"]

1.e4 c5 2.Nf3 d6 3.Bb5+ Bd7 4.Bxd7+ Nxd7 5.O-O Ngf6 6.Qe2 e6 7.c3 Be7 8.d4 cxd4
9.cxd4 d5 10.e5 Ne4 11.Be3 O-O 12.Ne1 f5 13.f3 Ng5 14.Nd3 Qb6 15.Nc3 Rfc8
16.Kh1 Kh8 17.Nf4 Nf8 18.Rg1 Ng6 19.Nxg6+ hxg6 20.g4 f4 21.Bf2 Nh3 22.Rgd1 Nxf2+
23.Qxf2 Rc4 24.g5 Kg8 25.Qd2 Rf8 26.b3 Rcc8 27.Na4 Qa6 28.h4 Rf5 29.Rac1 b6
30.Rxc8+ Qxc8 31.Rc1 Qd8 32.Qc3 Bxg5 33.hxg5 Qxg5 34.Qc8+ Kh7 35.Rc2 Qh6+
36.Rh2 Rh5 37.Qc2 Kg8 38.Rxh5 Qxh5+ 39.Kg2 Qg5+ 40.Kf1 Qh5 41.Ke2 Qg5 42.Kd3 Qg1
43.Kc3 g5 44.Nb2 Qe3+ 45.Nd3 Qxf3 46.Qh2 Kf7 47.Qh8 Kg6 48.Qe8+ Kf5 49.Qf7+ Ke4
50.Qg6+ Ke3 51.Qxg5 Ke2 52.Qg6 Qg3 53.Qh5+ f3 54.Kc2 g5 55.Qh1 Qg2 56.Qd1+ Ke3+
57.Kc3 Qe2 58.Qg1+ f2 59.Qxg5+ Kf3 60.Qh5+ Ke3 61.Qh6+ Kf3 62.Qh5+ Ke3 63.Qg5+ Kf3
64.Qf6+  1-0

[Event "FSGM April"]
[Site "Budapest HUN"]
[Date "2009.04.05"]
[Round "2"]
[White "Kosic,D"]
[Black "Duong The Anh"]
[Result "1/2-1/2"]
[WhiteElo "2512"]
[BlackElo "2434"]

1.e4 c5 2.Nf3 d6 3.Bb5+ Bd7 4.Bxd7+ Qxd7 5.c4 Nf6 6.Nc3 g6 7.d4 cxd4 8.Nxd4 Bg7
9.h3 O-O 10.O-O Rc8 11.b3 d5 12.exd5 Nxd5 13.Nxd5 e6 14.Bh6 exd5 15.Bxg7 Kxg7
16.cxd5 Qxd5 17.Nf3 Qxd1 18.Rfxd1 Nc6  1/2-1/2

[Event "TCh-HUN 2008-9"]
[Site "Budapest HUN"]
[Date "2009.04.05"]
[Round "10"]
[White "Szieberth,A"]
[Black "Szabo,G ROM"]
[Result "0-1"]
[WhiteElo "2334"]
[BlackElo "2502"]

1.e4 c5 2.Nf3 d6 3.Bb5+ Nd7 4.d4 Nf6 5.Nc3 a6 6.Be2 cxd4 7.Qxd4 e5 8.Qd1 b5
9.O-O Bb7 10.Bg5 Be7 11.Bxf6 Nxf6 12.a4 b4 13.Nd5 Nxe4 14.Nxb4 d5 15.Nd3 f6
16.Nh4 g6 17.c3 Rb8 18.a5 O-O 19.Nf3 Qc8 20.Nd2 Rd8 21.Nb4 Nxd2 22.Qxd2 d4
23.Rfd1 Kg7 24.Qe1 Qe6 25.Nc2 Be4 26.Bd3 Bxd3 27.Rxd3 Rxb2 28.Nxd4 Qd7 29.Qc1 Rdb8
30.Rh3 h5 31.Nc2 Qf5 32.Ne3 Qxf2+ 33.Kh1 Bc5 34.Qg1 Qxg1+ 35.Rxg1 Re2  0-1

[Event "16th TCh-RUS HL"]
[Site "Dagomys RUS"]
[Date "2009.04.05"]
[Round "4"]
[White "Galkin,A"]
[Black "Makarov,M"]
[Result "1/2-1/2"]
[WhiteElo "2617"]
[BlackElo "2511"]

1.e4 c5 2.Nf3 d6 3.Bb5+ Nd7 4.d4 Nf6 5.O-O cxd4 6.Qxd4 g6 7.e5 dxe5 8.Nxe5 Bg7
9.Rd1 O-O 10.Nc3 Qb6 11.Be3 Qxd4 12.Bxd4 Nxe5 13.Bxe5 Bf5 14.Bd3 Bxd3 15.Rxd3 Rfd8
16.Rad1 Rxd3 17.Rxd3 Rc8 18.Kf1 e6 19.Ke1 a6 20.f3 h5 21.a4 Kf8 22.Rd4 Ne8
23.Bxg7+ Kxg7 24.Kd2 Nf6 25.a5 Kf8 26.Na4 Ke7 27.Nb6 Rc7 28.Kd3 g5 29.g3 e5
30.Rc4  1/2-1/2

[Event "15th Festival Open A"]
[Site "Zupanja CRO"]
[Date "2009.04.05"]
[Round "2"]
[White "Kovacevic,A"]
[Black "Fercec,N"]
[Result "1-0"]
[WhiteElo "2561"]
[BlackElo "2478"]

1.e4 c5 2.Nf3 d6 3.Bb5+ Nc6 4.Bxc6+ bxc6 5.O-O e5 6.c3 f5 7.d4 cxd4 8.cxd4 fxe4
9.Ng5 d5 10.dxe5 Be7 11.Qa4 Qb6 12.Nc3 Qa6 13.Qd1 Rb8 14.f3 e3 15.Bxe3 Nh6
16.Qd2 O-O 17.g4 Rb4 18.a3 Rb3 19.Rf2 Qb7 20.Re1 Rd8 21.Qc2 g6 22.Bc1 Bc5
23.Na4 Bxf2+ 24.Qxf2 Qe7 25.Qh4 Nxg4 26.fxg4 Rf8 27.Be3 d4 28.Bd2 c5 29.Nxc5 Rxb2
30.Nce4 Bb7 31.Nf6+  1-0

[Event "16th TCh-RUS HL"]
[Site "Dagomys RUS"]
[Date "2009.04.08"]
[Round "7"]
[White "Pridorozhni,A"]
[Black "Gabrielian,A"]
[Result "1/2-1/2"]
[WhiteElo "2528"]
[BlackElo "2462"]

1.e4 c5 2.Nf3 d6 3.Bb5+ Nc6 4.Bxc6+ bxc6 5.O-O e5 6.c3 Nf6 7.Re1 Bg4 8.h3 Bh5
9.d3 Be7 10.Nbd2 O-O 11.Nc4 Ne8 12.Ne3 Bg6 13.Nf5 Bxf5 14.exf5 Nf6 15.g4 Qd7
16.Nd2 g6 17.g5 Nh5 18.f6 Bd8 19.Qg4 Qf5 20.Ne4 Bc7 21.Be3 h6 22.Kg2 Rfe8
23.Rad1 Rad8 24.Qh4 d5 25.Ng3 Nxg3 26.fxg3 Bd6 27.Qxh6 Bf8 28.Qh4 d4 29.Bf2 dxc3
30.bxc3 Rxd3 31.Rxd3 Qxd3 32.Qe4 Qxc3 33.h4 Qb4 34.Qxc6 Re6 35.Qe4 Ra6 36.Qd5 Rd6
37.Qf3 Re6 38.Re4 Qb7 39.g4 Qd5 40.Qe2 Rb6 41.Qc4 Qb7 42.a3 Rd6 43.Kf3 Ra6
44.h5 Rxa3+ 45.Be3 Qb1 46.hxg6 Qh1+ 47.Kg3 Qg1+ 48.Kf3 Qh1+ 49.Kg3 Qg1+  1/2-1/2

[Event "16th TCh-RUS HL"]
[Site "Dagomys RUS"]
[Date "2009.04.09"]
[Round "8"]
[White "Pridorozhni,A"]
[Black "Shorokhov,Alexandr"]
[Result "1-0"]
[WhiteElo "2528"]
[BlackElo "2457"]

1.e4 c5 2.Nf3 d6 3.Bb5+ Nc6 4.Bxc6+ bxc6 5.O-O g6 6.e5 Bg7 7.Re1 Nh6 8.exd6 Qxd6
9.d3 Be6 10.Nbd2 Qc7 11.Ne4 Qb6 12.Nfg5 Bd5 13.Nd6+ Kf8 14.Nde4 Nf5 15.a4 c4
16.Ng3 Nxg3 17.hxg3 h6 18.Nf3 cxd3 19.Qxd3 Bf6 20.Ne5 Rd8 21.a5 Qc7 22.Bf4 Qc8
23.Qe2 Kg7 24.Ng4 Bxb2 25.Be5+ Bxe5 26.Qxe5+ Kh7 27.Qf4 h5 28.Ne5 f6 29.Ng4 Qd7
30.Qh6+ Kg8 31.Qxg6+ Kf8 32.Nxf6  1-0

[Event "Open"]
[Site "Lenk SUI"]
[Date "2009.04.09"]
[Round "1"]
[White "Lehmann,Mar"]
[Black "Roelli,Sa"]
[Result "1-0"]
[WhiteElo "2263"]
[BlackElo "1989"]

1.e4 c5 2.Nf3 d6 3.Bb5+ Bd7 4.Bxd7+ Qxd7 5.O-O Nc6 6.c3 Nf6 7.d4 cxd4 8.cxd4 e6
9.Nc3 Be7 10.d5 exd5 11.exd5 Nb4 12.Bg5 O-O 13.Re1 Rac8 14.Qd2 Rfe8 15.Bxf6 Bxf6
16.Ne4 Bxb2 17.Qxb4 Bxa1 18.Rxa1 Rc7 19.Nxd6 Rd8 20.Re1 h6 21.Nb5 a5 22.Qb3 Rc5
23.Nc3 Rdc8 24.Re3 Qc7 25.Ne2 Rd8 26.Rd3 b5 27.h3 Qd6 28.Qb2 Rxd5 29.Rxd5 Qxd5
30.Nc3 Qc4 31.Ne5 Qc5 32.Ng4 b4 33.Ne2 Rd1+ 34.Kh2 Qd6+ 35.Ng3 Rd2 36.Qa1 Qd5
37.Qe1 Rxa2 38.Ne4 Qe6 39.f4 h5 40.f5 Qxf5 41.Nef6+  1-0

[Event "16th TCh-RUS Premier"]
[Site "Dagomys RUS"]
[Date "2009.04.10"]
[Round "7"]
[White "Ni Hua"]
[Black "Lanin,A"]
[Result "1-0"]
[WhiteElo "2724"]
[BlackElo "2457"]

1.e4 c5 2.Nf3 d6 3.Bb5+ Bd7 4.Bxd7+ Qxd7 5.c4 Nf6 6.Nc3 Nc6 7.d4 cxd4 8.Nxd4 e6
9.O-O Be7 10.Be3 O-O 11.Qe2 a6 12.f3 Rfd8 13.Rfd1 Rab8 14.a4 b6 15.Kh1 Qb7
16.b3 Nd7 17.Nxc6 Qxc6 18.Bd4 Bf6 19.Bxf6 Nxf6 20.Rd4 Nd7 21.Rad1 Nc5 22.Qb2 Qc7
23.Qa3 Nb7 24.Qb2 Rbc8 25.f4 Re8 26.R4d3 Kh8 27.Rg3 f6 28.Rh3 Nc5 29.Qc2 h6
30.Rf1 Qc6 31.Rh5 Rc7 32.Rf3 Rce7 33.h3 Rf8 34.b4 Nb7 35.Ne2 Rc8 36.Rc3 Rec7
37.f5 e5 38.Rh4 a5 39.b5 Qe8 40.Qd2 Qf7 41.Rg3 Qf8 42.Nc3 Rxc4 43.Nd5 Rd4
44.Qe3 Rxd5 45.exd5 Nc5 46.Rxg7 Kxg7 47.Qxh6+ Kf7 48.Qg6+ Ke7 49.Rh7+ Kd8
50.Rf7 Qh8 51.Rg7 Qh4 52.Qf7  1-0

[Event "XXXII Open"]
[Site "Donostia San Sebastian ESP"]
[Date "2009.04.10"]
[Round "8"]
[White "Andres Gonzalez,I"]
[Black "Pena Gomez,M"]
[Result "0-1"]
[WhiteElo "2364"]
[BlackElo "2456"]

1.e4 c5 2.Nf3 d6 3.Bb5+ Bd7 4.Bxd7+ Qxd7 5.c4 Nf6 6.Nc3 g6 7.O-O Bg7 8.a3 O-O
9.Rb1 Nc6 10.d3 Ne8 11.Bd2 Nc7 12.b4 b6 13.Qc1 Nd4 14.Nxd4 cxd4 15.Nd5 Nxd5
16.cxd5 Qa4 17.Qb2 f5 18.f3 Rac8 19.Rbc1 h6 20.Rfe1 fxe4 21.fxe4 Kh7 22.Rf1 Bf6
23.g3 h5 24.Kg2 Kg7 25.Rxc8 Rxc8 26.Rc1 Rxc1 27.Bxc1 Kf7 28.Qd2 Ke8 29.Kf2 Kd8
30.Ke1 Qd7 31.Qf2 Qh3 32.Bf4 Qc8 33.Qd2 Qa6 34.Qc2 Qxa3 35.Qc6 Qxb4+ 36.Bd2 Qc5
37.Qa8+ Kd7 38.Qxa7+ Ke8 39.Qa8+ Kf7 40.Bh6 g5 41.Qf8+ Kg6 42.g4 Qc1+ 43.Kf2 Qe3+
44.Kf1 Qxd3+ 45.Kf2 Qe3+ 46.Kf1 Qf3+  0-1

[Event "XXXII Open"]
[Site "Donostia San Sebastian ESP"]
[Date "2009.04.10"]
[Round "8"]
[White "Valenti,G"]
[Black "Arribas Lopez,A"]
[Result "1-0"]
[WhiteElo "2201"]
[BlackElo "2379"]

1.e4 c5 2.Nf3 d6 3.Bb5+ Nc6 4.Bxc6+ bxc6 5.O-O Bg4 6.h3 Bh5 7.c3 Nf6 8.Re1 e5
9.d4 cxd4 10.cxd4 Nd7 11.dxe5 dxe5 12.Be3 Bb4 13.Nc3 Qa5 14.Rc1 Nf6 15.a3 Bxc3
16.Rxc3 Nxe4 17.Bc5 Rd8 18.Qc2 f5 19.Nxe5 Qc7 20.Nf3 Kf7 21.Ng5+ Nxg5 22.Qxf5+ Kg8
23.Qxg5 Rd5 24.Qe3 a6 25.Qe6+ Bf7 26.Qe7 Qxe7 27.Rxe7 h6 28.Ra7 Rg5 29.f4 Rd5
30.b4 h5 31.Rxa6 Rh6 32.Be3 Rd1+ 33.Kf2 Bd5 34.f5 Rf6 35.g4 Rf7 36.Ra8+ Kh7
37.Kg3 Rf1 38.Re8 Rb1 39.Kh4 hxg4 40.hxg4 g6 41.Bd4 gxf5 42.Kg5 Rg7+ 43.Bxg7 Kxg7
44.Kxf5 Kf7 45.Rce3 Rf1+ 46.Kg5 Kg7 47.R3e7+  1-0

[Event "ArcelorMittal Open"]
[Site "Frydek Mistek CZE"]
[Date "2009.04.10"]
[Round "4"]
[White "Skoda,M"]
[Black "Leks,H"]
[Result "1/2-1/2"]
[WhiteElo "2029"]
[BlackElo "2174"]

1.e4 c5 2.Nf3 d6 3.Bb5+ Bd7 4.Bxd7+ Qxd7 5.O-O Nc6 6.Nc3 g6 7.d3 Bg7 8.Be3 Nf6
9.h3 O-O 10.Qd2 e5 11.Nh2 Nh5 12.Nd5 f5 13.Bh6 Bxh6 14.Qxh6 f4 15.Ng4 Kh8
16.Qg5 Nd4 17.c3 Ne6 18.Qe7 Qxe7 19.Nxe7 Nc7 20.c4 Rae8 21.Nd5 Nxd5 22.cxd5 Rc8
23.Rfc1 a5 24.a4  1/2-1/2

[Event "XXXVI Open"]
[Site "La Roda ESP"]
[Date "2009.04.10"]
[Round "5"]
[White "Gallardo Garcia,A"]
[Black "Cortes Lizano,J"]
[Result "1-0"]
[WhiteElo "2407"]
[BlackElo "2228"]

1.e4 c5 2.Nf3 d6 3.Bb5+ Nd7 4.d4 cxd4 5.Qxd4 Nf6 6.Nc3 e5 7.Qd3 h6 8.O-O Be7
9.Be3 O-O 10.Bc4 a6 11.a4 Qc7 12.Nd2 Nc5 13.Bxc5 Qxc5 14.Nd5 Nxd5 15.Bxd5 Rb8
16.a5 Be6 17.Nb3 Qc7 18.Ra4 Bxd5 19.exd5 Rfc8 20.c4 b5 21.axb6 Rxb6 22.Rb1 Qb8
23.Na5 Rxb2 24.Rxb2 Qxb2 25.Nc6 Bg5 26.Rxa6 e4 27.Qf1 Re8 28.Ra1 f5 29.g3 f4
30.Rb1 Qa2 31.Ra1 Qd2 32.gxf4 Bxf4 33.Qg2 e3 34.fxe3 Qxe3+ 35.Kh1 Qc3 36.Rg1 Re1
37.Qg4 Rxg1+ 38.Kxg1 Qe3+ 39.Kf1 Qc1+ 40.Kg2 Qd2+ 41.Kf3 Qe3+ 42.Kg2 Qe4+
43.Kh3 Qd3+ 44.Kg2 Qc2+ 45.Kf3 Bxh2 46.Qe6+ Kh7 47.Ne7 Qd1+ 48.Kf2 Qd2+ 49.Kf3 Qf4+
50.Kg2 Qg3+ 51.Kf1 Qf4+ 52.Kg2 Qg3+ 53.Kf1 Qf3+ 54.Ke1 Qc3+ 55.Kf2 Qf6+ 56.Kg2 Qxe6
57.dxe6 Be5 58.Kf3 g5 59.Kg4 Kg7 60.Kf5 Bh2 61.Nd5 Bg3 62.Nc3 Bf4 63.Ne4 Kf8
64.c5 d5 65.Nd6 d4 66.Kf6 Bxd6 67.cxd6 Ke8 68.e7 Kd7 69.Kf7 Kxd6 70.e8=Q  1-0

[Event "Open"]
[Site "Lenk SUI"]
[Date "2009.04.10"]
[Round "3"]
[White "Lehmann,A"]
[Black "Hoffmann,Micha1"]
[Result "1/2-1/2"]
[WhiteElo "2273"]
[BlackElo "2487"]

1.e4 c5 2.Nf3 d6 3.Bb5+ Nd7 4.d4 Nf6 5.Nc3 cxd4 6.Qxd4 e5 7.Qd3 h6 8.O-O Be7
9.Nd2 O-O 10.Bxd7 Qxd7 11.Nc4 Qc6 12.Ne3 Be6 13.b3 Rfc8 14.Bb2 Bd8 15.a3 Bb6
16.Ncd5 Bxd5 17.exd5 Qd7 18.c4 a6 19.Nf5 g6 20.Ng3 Qg4 21.Rae1 Ba7  1/2-1/2

[Event "15th Festival Open A"]
[Site "Zupanja CRO"]
[Date "2009.04.10"]
[Round "7"]
[White "Solomunovic,I"]
[Black "Popchev,M"]
[Result "0-1"]
[WhiteElo "2418"]
[BlackElo "2451"]

1.e4 c5 2.Nf3 d6 3.Bb5+ Bd7 4.Bxd7+ Qxd7 5.O-O Nf6 6.Re1 Nc6 7.c3 e6 8.d4 cxd4
9.cxd4 d5 10.e5 Ne4 11.Nbd2 Nxd2 12.Bxd2 Be7 13.Rc1 Rc8 14.Rc3 h6 15.h4 Bd8
16.h5 Bb6 17.Rd3 O-O 18.Bc3 f6 19.exf6 Rxf6 20.Nh2 Rcf8 21.Ng4 Rf4 22.g3 R4f5
23.Qe2 e5 24.dxe5 Qe6 25.Kg2 Rxf2+ 26.Nxf2 Rxf2+ 27.Qxf2 Bxf2 28.Kxf2 Qf5+
29.Rf3 Qxh5 30.Rf4 Qh2+ 31.Kf3 g5 32.Rf6 d4 33.Rxc6 bxc6 34.Bxd4 h5 35.Bf2 g4+
36.Ke3 Kf7 37.Re2 Ke6 38.Kd2 Qg2 39.b3 Qd5+ 40.Kc2 Qf3 41.Kd2 a5 42.Be1 c5
43.Re3 Qg2+ 44.Re2 Qd5+ 45.Kc1 a4 46.bxa4 Qc4+ 47.Rc2 Qf1 48.Kd2 h4 49.gxh4 g3
50.Bxg3 Qg2+ 51.Kc3 Qxg3+ 52.Kc4 Qa3 53.Rc3 Qb4+ 54.Kd3 Qd4+ 55.Kc2 Qxa4+
56.Kb2 Qxh4 57.a3 Qd4 58.Kc2 c4 59.a4 Kxe5 60.a5 Qf2+  0-1

[Event "Open"]
[Site "Lenk SUI"]
[Date "2009.04.11"]
[Round "5"]
[White "Lehmann,A"]
[Black "Georgiadis,N"]
[Result "1/2-1/2"]
[WhiteElo "2273"]
[BlackElo "2056"]

1.e4 c5 2.Nf3 d6 3.Bb5+ Bd7 4.Bxd7+ Qxd7 5.O-O Nc6 6.c3 Nf6 7.d4 Nxe4 8.d5 Ne5
9.Re1 Nxf3+ 10.Qxf3 Nf6 11.c4 e5 12.dxe6 fxe6 13.Nc3 Be7 14.Bg5 O-O 15.Qh3 h6
16.Qxe6+ Qxe6 17.Rxe6 Kf7 18.Rae1 Rfe8 19.Bf4 Bf8 20.Rxe8 Rxe8 21.Rd1 a6
22.f3 Re6 23.h4 Be7 24.g4 Ke8 25.a3 Kd7 26.Kg2 Ne8 27.Ne4 Kc6 28.h5 Nf6 29.Nc3 Nd7
30.b4 b5 31.cxb5+ axb5 32.bxc5 Nxc5 33.Rb1 Nd3 34.Bg3 d5 35.Nxb5 Bc5 36.a4 Re2+
37.Kf1 Ra2  1/2-1/2

[Event "XXVII Open"]
[Site "Metz FRA"]
[Date "2009.04.11"]
[Round "1"]
[White "Svetushkin,D"]
[Black "Migot,T"]
[Result "1-0"]
[WhiteElo "2615"]
[BlackElo "2072"]

1.e4 c5 2.Nf3 d6 3.Bb5+ Bd7 4.Bxd7+ Qxd7 5.c4 e5 6.Nc3 g6 7.a3 Nc6 8.Rb1 Bg7
9.d3 Nge7 10.b4 O-O 11.O-O f5 12.Nd5 h6 13.bxc5 dxc5 14.Qa4 Rab8 15.Be3 Qd6
16.Nxe7+ Qxe7 17.Qb5 Nd4 18.Bxd4 cxd4 19.Rb3 fxe4 20.dxe4 b6 21.Ne1 Rbc8
22.Nd3 Rc7 23.Rc1 Rfc8 24.Rb2 Qxa3 25.c5 Rxc5 26.Nxc5 Rxc5 27.Rxc5 bxc5 28.h4 Qc3
29.Kh2 Kh7 30.Ra2 a5 31.Qxa5 Qxa5 32.Rxa5 c4 33.Kg3 d3 34.Kf3 c3 35.Rc5 Bf6
36.Rc7+ Kg8 37.g3 d2 38.Ke2 h5 39.Rxc3 g5 40.hxg5 Bxg5 41.Rc5 Bf6 42.Kxd2 Kf7
43.Ke2 Ke6 44.f4 h4 45.f5+ Kf7 46.gxh4  1-0

[Event "Arnold Eikrem Memorial"]
[Site "Oslo NOR"]
[Date "2009.04.11"]
[Round "8"]
[White "Hammer,J"]
[Black "Elsness,F"]
[Result "1-0"]
[WhiteElo "2566"]
[BlackElo "2441"]

1.e4 c5 2.Nf3 d6 3.Bb5+ Nc6 4.Bxc6+ bxc6 5.O-O e5 6.c3 Nf6 7.Re1 Bg4 8.h3 Bxf3
9.Qxf3 Be7 10.d3 O-O 11.Na3 Rb8 12.Nc4 Ne8 13.Qg4 g6 14.Bh6 Ng7 15.Rad1 Re8
16.d4 cxd4 17.cxd4 Rb4 18.b3 exd4 19.Rxd4 d5 20.exd5 Nf5 21.d6 Bxd6 22.Rxe8+ Qxe8
23.Bd2 Nxd4 24.Nxd6 Ne2+ 25.Kf1 Rxg4 26.Nxe8 Rf4 27.Be3 Kf8 28.Kxe2  1-0

[Event "LV Abierto Mexicano"]
[Site "Toluca MEX"]
[Date "2009.04.11"]
[Round "6"]
[White "Hernandez Guerrero,G"]
[Black "Lares Flores,M"]
[Result "0-1"]
[WhiteElo "2543"]
[BlackElo "2292"]

1.e4 c5 2.Nf3 d6 3.Bb5+ Nd7 4.O-O a6 5.Bxd7+ Bxd7 6.d4 cxd4 7.Qxd4 Nf6 8.Bg5 e6
9.Nbd2 Rc8 10.Rfd1 Be7 11.Nc4 Bb5 12.Bxf6 gxf6 13.Ne3 Rg8 14.Nd2 d5 15.exd5 Bc5
16.Qf4 e5 17.Qf3 Bxe3 18.Qxe3 Rxc2 19.Rac1 Qxd5 20.Ne4 Rxc1 21.Nxf6+ Kf8
22.Qh6+ Rg7 23.Nxh7+ Ke7 24.Qh4+ Kd7 25.Qh3+ Kc7 26.Rxc1+ Bc6 27.f3 Qd4+
28.Kh1 Qxb2 29.Rg1 Qe2 30.Qh4 Kb8 31.Ng5 Ka7 32.Ne4 Rxg2  0-1

[Event "LV Abierto Mexicano"]
[Site "Toluca MEX"]
[Date "2009.04.11"]
[Round "7"]
[White "De la Paz Perdomo,F"]
[Black "Dominguez Aguilar,G"]
[Result "1-0"]
[WhiteElo "2491"]
[BlackElo "2338"]

1.e4 c5 2.Nf3 d6 3.Bb5+ Nc6 4.O-O Bd7 5.c3 Nf6 6.Qe2 a6 7.Ba4 e5 8.Rd1 Be7
9.d4 Qc7 10.dxc5 dxc5 11.Bg5 b5 12.Bc2 O-O 13.Nbd2 Be6 14.a4 c4 15.Nf1 h6
16.Bxf6 Bxf6 17.Ne3 Be7 18.Nd5 Qb7 19.Rab1 Bc5 20.b3 cxb3 21.Bxb3 Qa7 22.axb5 axb5
23.Rd2 Rab8 24.Ra2 Qd7 25.Rab2 f5 26.Rd1 Qf7 27.Ba2 fxe4 28.Qxe4 Kh8 29.Nb4 Nxb4
30.Bxe6 Qxe6 31.cxb4 Bd6 32.Rbd2 Rb6 33.Rd5 Rf4 34.Qe3 Bxb4 35.Nxe5 Rf6 36.Rd8+ Rf8
37.Rxf8+ Bxf8 38.Rd8 Kg8 39.Nd7  1-0

[Event "CEZ Cup"]
[Site "Frydek Mistek CZE"]
[Date "2009.04.12"]
[Round "7"]
[White "Krzyzanowski,M"]
[Black "Jedlicka,A"]
[Result "1-0"]
[WhiteElo "2272"]
[BlackElo "2306"]

1.e4 c5 2.Nf3 d6 3.Bb5+ Bd7 4.Bxd7+ Qxd7 5.c4 Nf6 6.Nc3 g6 7.d4 cxd4 8.Nxd4 Bg7
9.h3 O-O 10.Be3 a6 11.a4 Rc8 12.b3 e6 13.Qd3 d5 14.cxd5 exd5 15.e5 Nh5 16.g4 Nc6
17.Nxc6 Rxc6 18.gxh5 d4 19.Ne2 Bxe5 20.Bd2 Re8 21.Kf1 Rf6 22.Kg2 Qd5+ 23.f3 gxh5
24.Rhg1 Kh8 25.Kf2 Ree6 26.Rg5 Rb6 27.Rag1 Rg6 28.Nf4  1-0

[Event "ch-WLS"]
[Site "Cardiff WLS"]
[Date "2009.04.13"]
[Round "7"]
[White "Kett,T"]
[Black "Jones,RS"]
[Result "0-1"]
[WhiteElo "2250"]
[BlackElo "2318"]

1.e4 c5 2.Nf3 d6 3.Bb5+ Nc6 4.Bxc6+ bxc6 5.O-O Bg4 6.d3 Nf6 7.h3 Bh5 8.Nbd2 Nd7
9.Qe1 e6 10.Nh2 f6 11.f4 Bf7 12.b3 Qc7 13.Bb2 Be7 14.Kh1 O-O 15.f5 exf5 16.exf5 d5
17.Qh4 Bd6 18.Nhf3 a5 19.Ng1 a4 20.Ne2 Rfe8 21.Qf2 Qb8 22.Nf3 c4 23.Ned4 c5
24.Ne6 cxd3 25.cxd3 Bxe6 26.fxe6 Rxe6 27.bxa4 Rxa4 28.Qc2 Qa8 29.Bc3 Bg3
30.Be1 Bc7 31.Bf2 Rea6 32.Qe2 Qf8 33.Rfe1 Ne5 34.d4 cxd4 35.Nxd4 Bb6 36.Red1 Qa8
37.Rd2 Rc4 38.Nf5 Re4 39.Qb5 Bxf2 40.Rxf2 Ng6 41.Rd1 Re5 42.Rdd2 Ra7 43.Qb6 Rb7
44.Qd6 Qb8 45.Qxb8+ Rxb8 46.Rc2 Ne7 47.Nd4 Re4 48.Rfd2 Rb4 49.Ne2 h5 50.Rc7 Rb1+
51.Kh2 h4 52.Nc3 Rc1 53.Nxd5 Rxc7 54.Nxc7 Nf5 55.Rd1 Re2 56.Ra1 Ne3 57.a4 Rxg2+
58.Kh1 Rc2 59.Nb5 Rc5 60.Nd4 Rd5 61.Nf3 Nc4 62.Kg2 g5 63.Rb1 Ra5 64.Rb4 Ne3+
65.Kf2 Nd1+ 66.Ke2 Nc3+ 67.Ke3 Nd5+  0-1

[Event "Sydney International Open"]
[Site "Parramatta AUS"]
[Date "2009.04.15"]
[Round "1"]
[White "Milligan,H"]
[Black "Satyapragyan,S"]
[Result "0-1"]
[WhiteElo "1985"]
[BlackElo "2428"]

1.e4 c5 2.Nf3 d6 3.Bb5+ Nc6 4.d4 cxd4 5.Qxd4 Bd7 6.Bxc6 bxc6 7.c4 e5 8.Qd3 Nf6
9.Nc3 Be7 10.O-O Bg4 11.b3 Nd7 12.Ba3 Qa5 13.Na4 c5 14.Bb2 O-O 15.h3 Be6
16.Nc3 Rfe8 17.Ne1 Nb8 18.Nd5 Bf8 19.f4 Nc6 20.Nc2 Nd4 21.Nce3 Qd8 22.f5 Bd7
23.Rf2 a5 24.Raf1 Rb8 25.f6 g6 26.Ne7+ Bxe7 27.fxe7 Rxe7 28.Nd5 Be6 29.Nxe7+ Qxe7
30.Bc3 Qa7 31.Bxd4 exd4 32.Rf6 Qe7 33.R6f2 Qg5 34.Qd2 Qxd2 35.Rxd2 a4 36.Rf3 Rb7
37.Kf2 Kg7 38.g4 h6 39.Kg3 Bd7 40.Re2 Bc6 41.h4 Re7 42.Kf4 Re5 43.Rff2 g5+
44.hxg5 hxg5+ 45.Kf3 Re8 46.Rf1 Rb8 47.Rb1 Kf6 48.Rbb2 a3 49.Rb1 Rh8 50.Rf1 Ke5
51.Kg3 d3 52.Rd2 Bxe4 53.Rxf7 Rh1 54.Rd7 Kd4 55.Rxd6+ Ke3 56.Re6 Kxd2 57.Rxe4 Kc2  0-1

[Event "Sydney International Open"]
[Site "Parramatta AUS"]
[Date "2009.04.16"]
[Round "3"]
[White "Milligan,H"]
[Black "Zamahari,A"]
[Result "1-0"]
[WhiteElo "1985"]
[BlackElo "1656"]

1.e4 c5 2.Nf3 d6 3.Bb5+ Bd7 4.Bxd7+ Nxd7 5.O-O Ngf6 6.d3 e5 7.Nc3 Be7 8.h3 h6
9.Nh2 O-O 10.f4 Nh7 11.Nf3 exf4 12.Bxf4 g5 13.Bh2 f5 14.exf5 Rxf5 15.Qe2 Rf7
16.Rae1 Ndf6 17.Nd2 Bf8 18.Nde4 a6 19.Kh1 Nxe4 20.Qxe4 Rxf1+ 21.Rxf1 Qe7
22.Qg6+ Qg7 23.Qe6+ Kh8 24.Rf7 Qg8 25.Ne4 Bg7 26.Nxd6 Nf8 27.Qf5 Rd8 28.Be5 Bxe5
29.Qxe5+  1-0

[Event "ch-MGL"]
[Site "Ulan Bator MGL"]
[Date "2009.04.17"]
[Round "12"]
[White "Khatanbaatar,B"]
[Black "Battulga,N"]
[Result "0-1"]
[WhiteElo "2403"]
[BlackElo "2319"]

1.e4 c5 2.Nf3 d6 3.Bb5+ Nc6 4.Bxc6+ bxc6 5.O-O Nf6 6.Re1 Bg4 7.d3 e5 8.h3 Bh5
9.Nbd2 Be7 10.Nf1 Nd7 11.Ng3 Bg6 12.c3 O-O 13.d4 cxd4 14.cxd4 Qc7 15.dxe5 dxe5
16.Be3 Nc5 17.Qc2 Ne6 18.Nf5 Bb4 19.Rec1 Rfc8 20.Qa4 Bf8 21.Rc4 f6 22.Rac1 Qb7
23.b4 Be8 24.Qc2 a5 25.b5 c5 26.a4 Bf7 27.Bd2 Rd8 28.Ne3 Nf4 29.Rb1 Nd3 30.Nd5 Bxd5
31.exd5 Qxd5 32.Be3 f5 33.Ne1 Nb4 34.Qb3 Rac8 35.f3 Qf7 36.Rbc1 h6 37.Kh1 Rd5
38.Qb1 Qe6 39.Qb3 e4 40.fxe4 fxe4 41.Bg1 Nd3 42.Rb1 Bd6 43.b6 Kh8 44.Rd1 Rh5
45.Qc2 Nb4 46.Qe2 Re5 47.Bh2 Rf8 48.Bxe5 Qxe5 49.g4 e3 50.Nf3 Rxf3 51.Rxd6 Rf2
52.Rd8+ Kh7 53.Qxf2 exf2 54.Kg2 Qe1  0-1

[Event "TCh-HUN 2008-9"]
[Site "Budapest HUN"]
[Date "2009.04.18"]
[Round "11"]
[White "Roganovic,Milo"]
[Black "Groszpeter,A"]
[Result "1/2-1/2"]
[WhiteElo "2458"]
[BlackElo "2554"]

1.e4 c5 2.Nf3 d6 3.Bb5+ Bd7 4.Bxd7+ Nxd7 5.O-O Ngf6 6.Qe2 e6 7.b3 g6 8.Bb2 Bg7
9.d4 cxd4 10.Bxd4 O-O 11.c4 Qa5 12.Rd1 Rfd8 13.Qb2 Ne5 14.Nbd2 Nd3  1/2-1/2

[Event "7th V.Nabokov Mem"]
[Site "Kyiv UKR"]
[Date "2009.04.18"]
[Round "5"]
[White "Soltanici,R"]
[Black "Golichenko,I"]
[Result "1-0"]
[WhiteElo "2401"]
[BlackElo "2393"]

1.e4 c5 2.Nf3 d6 3.Bb5+ Nd7 4.O-O a6 5.Bxd7+ Bxd7 6.d4 cxd4 7.Qxd4 Nf6 8.c4 b5
9.Bg5 Rc8 10.Na3 b4 11.Nc2 a5 12.e5 dxe5 13.Nxe5 Bf5 14.Qxd8+ Rxd8 15.Ne3 Be4
16.Rfd1 Rxd1+ 17.Rxd1 e6 18.f3 Ba8 19.Bxf6 gxf6 20.Nd7 Bg7 21.Nb6 O-O 22.c5 Bc6
23.Nec4 Rb8 24.Rd6 Bb5 25.c6 Bxc6 26.Rxc6 Bf8 27.Kf1  1-0

[Event "TCh-NED 2008-9"]
[Site "Netherlands NED"]
[Date "2009.04.18"]
[Round "8"]
[White "Orlov,And"]
[Black "Van der Stricht,G"]
[Result "1/2-1/2"]
[WhiteElo "2501"]
[BlackElo "2426"]

1.e4 c5 2.Nf3 d6 3.Bb5+ Bd7 4.Bxd7+ Nxd7 5.O-O Ngf6 6.Re1 e6 7.Nc3 Be7 8.d3 O-O
9.Bf4 Qb6 10.Rb1 Rfd8 11.h3 Qc6 12.d4 cxd4 13.Nxd4 Qc4 14.Bg3 a6 15.Qd3 Rac8
16.a4 Qb4 17.Nde2 Nc5 18.Qd4 Qxd4 19.Nxd4 d5 20.exd5 Nxd5 21.Nf5 Bf8 22.Nxd5 Rxd5
23.Ne3 Rd2 24.b3 b5 25.axb5 axb5 26.Rbd1 Rxd1 27.Rxd1 Ne4 28.Be5 f6 29.Bb2 e5
30.Rd7 Bc5 31.Bc1 Bxe3 32.Bxe3 Rxc2 33.Rb7 Nc3 34.b4 Rb2 35.Bc5 h5 36.h4 Rb1+
37.Kh2 Rb2 38.Kg1 Ne4 39.Rxb5 Rb1+ 40.Kh2 Nxc5 41.Rxc5 Rxb4 42.g3 Rb7 43.Kg2 Kf7
44.Rc6 Kg6 45.Rc4 Kf5 46.Ra4 Rd7 47.Rb4 e4 48.Rb5+ Kg4 49.Rb4 Re7 50.f3+ Kf5
51.fxe4+ Rxe4 52.Rb7 g6 53.Kf3 Re5 54.Rb4 Rc5 55.Rf4+ Ke6 56.Re4+ Re5 57.Ra4 Rf5+
58.Kg2 Rc5 59.Kf3 Kd5 60.Ra3 Ke5 61.Rb3 Ra5 62.Re3+ Kf5 63.Rb3 Rd5 64.Ra3 Ke6
65.Ra6+ Ke5 66.Ra3 Rb5 67.Re3+ Kd6 68.Ra3 g5 69.hxg5 fxg5 70.Ra8 Ke6 71.Re8+ Kf7
72.Ra8 Rb3+ 73.Kg2 Re3 74.Kf2 Re5 75.Kf3 Re6 76.Ra5 Kf6 77.Ra8 Rd6 78.Rf8+ Ke5
79.Re8+ Kf5 80.Rf8+ Rf6 81.Ra8 g4+ 82.Kg2 Re6 83.Kf2 Rc6 84.Rf8+ Kg6 85.Rg8+ Kf6
86.Rf8+ Kg7 87.Ra8 Rc2+ 88.Kg1 Kf6 89.Ra5 Kg6 90.Rb5 Re2 91.Ra5 Re3 92.Kg2 Re2+
93.Kg1 Re6 94.Kg2 Rf6 95.Rb5 Rf5 96.Rb8 Rd5 97.Rf8 Rf5 98.Ra8 Re5 99.Rf8 Re6
100.Kg1 Rf6 101.Ra8 Kf5 102.Ra5+ Ke4 103.Ra4+ Kf3 104.Ra3+ Ke4  1/2-1/2

[Event "4th Open"]
[Site "Angers FRA"]
[Date "2009.04.19"]
[Round "5"]
[White "Delorme,Ax"]
[Black "Bailet,P"]
[Result "1-0"]
[WhiteElo "2394"]
[BlackElo "2343"]

1.e4 c5 2.Nf3 d6 3.Bb5+ Bd7 4.Bxd7+ Qxd7 5.c4 Nf6 6.Nc3 g6 7.O-O Bg7 8.d4 cxd4
9.Nxd4 O-O 10.h3 Nc6 11.Be3 Rac8 12.b3 a6 13.a4 e6 14.Qd2 Rfd8 15.Rfd1 d5
16.Nxc6 bxc6 17.Bb6 Nxe4 18.Nxe4 dxe4 19.Qxd7 Rxd7 20.Rxd7 Bxa1 21.Ra7 c5
22.Rxa6 Rc6 23.a5 Bc3 24.Ra7 Bb4 25.Rb7  1-0

[Event "11th Open St-Quentin en Yvelines"]
[Site "Elancourt FRA"]
[Date "2009.04.20"]
[Round "4"]
[White "Douat,J"]
[Black "Riazuelo,G"]
[Result "0-1"]
[WhiteElo "1897"]
[BlackElo "2129"]

1.e4 c5 2.Nf3 d6 3.Bb5+ Nd7 4.O-O Nf6 5.Re1 a6 6.Bxd7+ Bxd7 7.h3 e6 8.c3 Bc6
9.d3 Be7 10.Nbd2 O-O 11.d4 d5 12.Ne5 Rc8 13.Nxc6 Rxc6 14.e5 Nd7 15.Nf3 f6
16.Bf4 Kh8 17.Bg3 f5 18.Qd2 g5 19.Rf1 Rg8 20.Kh1 Qe8 21.Bh2 Qg6 22.Ng1 g4
23.hxg4 fxg4 24.Ne2 cxd4 25.Nxd4 Rcc8 26.Kg1 Rcf8 27.Rab1 Nc5 28.Bg3 Bg5
29.Qe2 Qh6 30.c4 Ne4 31.cxd5 Nxg3 32.fxg3 Be3+  0-1